MARC details
| 000 -CABECERA |
| campo de control de longitud fija |
02329nam a2200325 i 4500 |
| 001 - NÚMERO DE CONTROL |
| campo de control |
000017903 |
| 003 - IDENTIFICADOR DEL NÚMERO DE CONTROL |
| campo de control |
DO-SdBNP |
| 005 - FECHA Y HORA DE LA ÚLTIMA TRANSACCIÓN |
| campo de control |
20240515144325.0 |
| 007 - CAMPO FIJO DE DESCRIPCIÓN FÍSICA--INFORMACIÓN GENERAL |
| campo de control de longitud fija |
ta |
| 008 - DATOS DE LONGITUD FIJA--INFORMACIÓN GENERAL |
| campo de control de longitud fija |
100407s2003 dr ac 000 0 spa d |
| 040 ## - FUENTE DE LA CATALOGACIÓN |
| Centro catalogador/agencia de origen |
DO-SdBNP |
| Lengua de catalogación |
spa |
| Centro/agencia transcriptor |
BNPHU |
| Normas de descripción |
rda |
| 049 ## - FONDOS LOCALES (OCLC) |
| Fondos de biblioteca |
BNPD |
| 082 #4 - NÚMERO DE LA CLASIFICACIÓN DECIMAL DEWEY |
| Número de clasificación |
972.9353 |
| Número de documento/Ítem |
R696g |
| Número de edición |
22 |
| 100 1# - ENTRADA PRINCIPAL--NOMBRE DE PERSONA |
| Nombre de persona |
Rodríguez, Carlos Rafael, |
| 9 (RLIN) |
4680 |
| Término indicativo de función/relación |
autor |
| 245 10 - MENCIÓN DE TÍTULO |
| Título |
Guaraguanó : |
| Resto del título |
resumen histórico del municipio de Monción / |
| Mención de responsabilidad, etc. |
Carlos Rafael Rodríguez ; prólogo, Galindo Martínez. |
| 264 ## - PRODUCCIÓN, PUBLICACIÓN, DISTRIBUCIÓN, FABRICACIÓN Y COPYRIGHT |
| Producción, publicación, distribución, fabricación y copyright |
Santo Domingo : |
| Nombre del de productor, editor, distribuidor, fabricante |
Centenario, |
| Fecha de producción, publicación, distribución, fabricación o copyright |
2003. |
| 300 ## - DESCRIPCIÓN FÍSICA |
| Extensión |
298 páginas : |
| Otras características físicas |
ilustraciones y retratos ; |
| Dimensiones |
22 cm. |
| 336 ## - TIPO DE CONTENIDO |
| Fuente |
rdacontent |
| Término de tipo de contenido |
texto |
| Código de tipo de contenido |
txt |
| 337 ## - TIPO DE MEDIO |
| Fuente |
rdamedia |
| Nombre/término del tipo de medio |
sin mediación |
| Código del tipo de medio |
n |
| 338 ## - TIPO DE SOPORTE |
| Fuente |
rdacarrier |
| Nombre/término del tipo de soporte |
volumen |
| Código del tipo de soporte |
nc |
| 505 0# - NOTA DE CONTENIDO CON FORMATO |
| Nota de contenido con formato |
Prólogo -- |
| Título |
Introducción -- |
| -- |
División política de la isla -- |
| -- |
Origen de Guaraguanó -- |
| -- |
La mata de Guaraguanó -- |
| -- |
Sitio catastral de Guaraguanó -- |
| -- |
Fundación : primeros habitantes -- |
| -- |
Formación del poblado de Guaraguanó -- |
| -- |
Sección de Guaraguanó -- |
| -- |
Episodios de la Restauración -- |
| -- |
Puesto cantoral de Guaraguanó -- |
| -- |
Cambio de nombre. Puesto cantoral de Monción -- |
| -- |
Puesto militar/Puesto cantoral -- |
| -- |
Municipio de Monción -- |
| -- |
Creencias sobrenaturales y religiosas -- |
| -- |
Carlos de Vargas -- |
| -- |
Estudios geológicos -- |
| -- |
Centro de minas -- |
| -- |
Personalidades -- |
| -- |
Primera iglesia -- |
| -- |
Las fiestas patronales de San Antonio -- |
| -- |
Partidos políticos -- |
| -- |
Visitantes distinguidos -- |
| -- |
El club recreativo Guaraguanó -- |
| -- |
Desarrollo cultural -- |
| -- |
Indice de leyes y decretos sobre el municipio de Monción -- |
| -- |
Presa de Monción -- |
| -- |
El Plan Sierra -- |
| -- |
Deportes -- |
| -- |
Cooperativa de Ahorros y Préstamos Mamoncito -- |
| -- |
Atractivos naturales -- |
| -- |
Complejo agroindustrial/Federación Campesina Guaraguanó -- |
| -- |
Militares y policías -- |
| -- |
Primera carretera -- |
| -- |
Telecomunicaciones -- |
| -- |
Primer acueducto -- |
| -- |
Primer hospital -- |
| -- |
Alumbrado eléctrico . |
| 590 ## - NOTA LOCAL (RLIN) |
| Nota local |
Inventariado, 2024/BT |
| 650 #4 - PUNTO DE ACCESO ADICIONAL DE MATERIA--TÉRMINO DE MATERIA |
| Término de materia o nombre geográfico como elemento de entrada |
Ciudades y pueblos |
| Subdivisión geográfica |
Monción (República Dominicana : Municipio) |
| 9 (RLIN) |
784 |
| 651 #4 - PUNTO DE ACCESO ADICIONAL DE MATERIA--NOMBRE GEOGRÁFICO |
| Nombre geográfico |
Monción (República Dominicana : Municipio) |
| 9 (RLIN) |
78533 |
| 651 #4 - PUNTO DE ACCESO ADICIONAL DE MATERIA--NOMBRE GEOGRÁFICO |
| Nombre geográfico |
Monción (República Dominicana : Municipio) |
| 9 (RLIN) |
78533 |
| 651 #4 - PUNTO DE ACCESO ADICIONAL DE MATERIA--NOMBRE GEOGRÁFICO |
| Nombre geográfico |
Monción (República Dominicana : Municipio) |
| 9 (RLIN) |
78533 |
| 700 1# - PUNTO DE ACCESO ADICIONAL--NOMBRE DE PERSONA |
| Nombre de persona |
Martínez, Galindo, |
| Término indicativo de función/relación |
prólogo |
| 9 (RLIN) |
38849 |
| 910 ## - DATOS DE OPCIÓN DEL USUARIO (OCLC) |
| Datos de opción del usuario |
Validado. Control de calidad. MFF |
| 942 ## - ELEMENTOS DE PUNTO DE ACCESO ADICIONAL (KOHA) |
| Fuente del sistema de clasificación o colocación |
Dewey Decimal Classification |
| Tipo de ítem Koha |
Libro |